Geografía de los mares
Gardado en:
| Autor Principal: | |
|---|---|
| Formato: | Libro |
| Idioma: | Lingua castelá |
| Publicado: |
Barcelona
Ariel
1972
|
| Series: | Colección Elcano. La geografía y sus problemas, 8
|
| Subjects: | |
| Tags: |
Engadir etiqueta
Sen Etiquetas, Sexa o primeiro en etiquetar este rexistro!
|
MARC
| LEADER | 00000nam a2200000 a 4500 | ||
|---|---|---|---|
| 001 | UCY3908 | ||
| 003 | CL-VaPUC | ||
| 008 | 950120e19720000SP |||||||||||||||||spa|d | ||
| 082 | 0 | 4 | |a 551.46 |b DOU |2 21 |
| 100 | 0 | |a Doumenge, Francois |e author |9 332333 | |
| 245 | 1 | 0 | |a Geografía de los mares |
| 300 | |a 329 p | ||
| 942 | |c BK | ||
| 945 | |d 19950120 00:00:00 |a mfernand | ||
| 260 | |a Barcelona |b Ariel |c 1972 | ||
| 650 | 0 | |a Oceanografía |9 260014 | |
| 650 | 0 | |a Recursos marinos |9 261196 | |
| 583 | |a last modification |c 19950120 00:00:00 |k Rodrigo Vera | ||
| 490 | 0 | |a Colección Elcano. La geografía y sus problemas, 8 | |
| 999 | |c 231942 |d 231940 | ||
| 952 | |0 0 |1 0 |2 ddc |4 0 |6 551_460000000000000_DOU_1972 |7 0 |8 P |9 235794 |a BIBCUR |b BIBCUR |c PAC |d 2019-11-15 |i 3054365 |o 551.46 DOU 1972 |p 3054365 |r 2025-04-22 |w 2019-11-15 |y BK |k CIM | ||
| 952 | |0 0 |1 0 |4 0 |6 551_460000000000000_DOU_1972 |7 0 |8 A |9 235795 |a BIBING |b BIBING |d 2019-11-15 |i 1640577 |o 551.46 DOU 1972 |p 1640577 |r 2025-01-20 |w 2019-11-15 |y BK |k GEO | ||